000 00701nam a2200253Ia 4500
003 OSt
005 20220916111037.0
006 a|||||r|||| 00| 0
007 ta
008 220915b |||||||| |||| 00| 0 eng d
024 _a139829
037 _cTextbook
040 _beng
_aARTS
_cARTS
041 _aeng
082 _aX:54.2.N7, L9
100 _aSainy H C
245 0 _aIndia's foreign trade its nature and problems
260 _aNew Delhi
_b National Publishing House
300 _axiv, 352p. tables
_ccm.
500 _aAppendix p300-304 (1-3); Bibliography p305-342
650 _aECONOMICS
942 _hX:54.2.N7, L9
_cTB
_2CC
999 _c104381
_d104381